000 01290nam a2200325 i 4500
001 13718
003 KOSZ 005
005 20191214090757.0
008 081201s1951 pl a g 000 0 pol
015 _aPB 1951/5574
040 _aWA N
_cWA N
_dKOSZ 005/RW
041 1 _apol
_hrus
080 _a335.5
100 1 _aLenin, Włodzimierz
_d(1870-1924).
_eAutor
245 1 0 _aDzieła.
_nT. 20,
_pGrudzień 1913 - sierpień 1914 /
_cV. I. Lenin.
260 _aWarszawa :
_b"Książka i Wiedza",
_c1951.
300 _aVIII, 648 stron, [2] karty tablic :
_bilustracje ;
_c20 cm.
336 _aTekst
_btxt
_2rdacontent
337 _aBez urządzenia pośredniczącego
_bn
_2rdamedia
338 _aWolumin
_bnc
_2rdacarrier
380 _aKsiążki.
500 _aPrzekład z 4 wydania rosyjskiego przygotowanego przez Instytut Marks - Engels - Lenina przy KC WKP. Wydanie polskie drukuje się na mocy uchwały KC PZPR.
658 _aFilozofia i etyka
658 _aPolityka, politologia, administracja publiczna
658 _aHistoria
650 4 _aMarksizm
710 2 _aSpółdzielnia Wydawniczo-Handlowa "Książka i Wiedza"
_4pbl.
856 _uhttp://koha.tu.koszalin.pl/cgi-bin/koha/opac-detail.pl?biblionumber=13718
_yKatalog online BPK
942 _2UKD
_cKS
999 _c13718
_d13718